02443nam a22002057a 450000500170000000800410001704000700005804100080012808200150013611000470015124502180019826001020041630001140051850005820063250508890121450600210210365000460212465000270217065000400219720160413090952.0130821k19051906uy ab frs 1 spa  aCo-BoUCMbspacSandra Yazo (modificó)dSandra Yazo (modificó)0 aspa04a918.952202 aUruguaybConsejo Superior de Estadística10aAnuario estadístico de la República O. del Uruguaybaños 1902 y 1903. Libro XVIII del "Anuario" y XXXII de las publicaciones de la Dirección General de Estadística.cConsejo Superior de Estadística ... aMontevideo (Uruguay)bImprenta Artística y encuadernación, de Dornaleche y Reyesc1905 - 1906 a2 volúmenes (xxiv, 763, [1] ; xx, 801, [1] páginas)bilustraciones, tablas, gráficas, mapasc29 x 20 cm aDetalles físicos: Encuadernación rígida (holandesa) en cartón forrado en papel, lomo en tela. Tapas con datos de publicación impresos. Guardas. Hoja de cortesía. Anteportada. Portada impresa en una sola tinta. Pequeño grabado con el escudo del Uruguay. Índice. Texto en una columna. Tablas, gráficos a color, mapas y planos. Al final de cada tomo erratas. Tapas delanteras con doblez, bordes y esquinas deteriorados y con manchas. V.1: Ejemplar mútilo faltan páginas 174 a 305. Guarda posterior suelta. V.2: Guarda delantera y hoja de cortesía sueltas. 2 aV.1: Territorio ; Meteorología ; Demografía ; Censos de población de la República (1852, 1860 y 1900) ; Censos de población de Montevideo (1884 y 1889) ; Movimiento del Estado Civil en 1902 ; Movimiento del Estado Civil durante los últimos 25 años ; Migración ; Comercio especial exterior ; Comercio especial exterior por aduanas, procedencias y destinos ; Comercio de tránsito exterior ; Comercio terrestre con el Brasil ; Comercio exterior e interior de monedas ; Comercio interior ; Navegación exterior (1902 y 1903) -- V.2: Demografía ; Ganadería e industrias derivadas ; Agricultura ; Viticultura ; Riqueza (1893-1902) ; Ferrocarriles ; Correos ; Telégrafos y teléfonos ; Patentes de invención y marcas de fábrica y comercio ; Finanzas nacionales ; Finanzas municipales ; Instrucción primaria ; Universidad ; Biblioteca Nacional ; Justicia penal aConsulta en sala 7aGeografía física zUruguayy1902-1903 7aDemografía zUruguay 7aEconomíazUruguayxEstadísticas